Capítulo VII: De las políticas ambientales a la política ecológica/
Uloženo v:
| Hlavní autor: | |
|---|---|
| Médium: | Kniha |
| Jazyk: | Spanish |
| On-line přístup: | texto completo desde el sitio de la revista |
| Tagy: |
Přidat tag
Žádné tagy, Buďte první, kdo vytvoří štítek k tomuto záznamu!
|
MARC
| LEADER | 00000nam a22000007a 4500 | ||
|---|---|---|---|
| 003 | cru CIDCACS/IIS | ||
| 005 | 20190227140532.0 | ||
| 007 | ta | ||
| 008 | 190222s2000 cr |||||r||||||0| ||spa|d | ||
| 999 | |c 42214 |d 42214 | ||
| 040 | |c cru CIDCACS/IIS | ||
| 100 | 1 | |9 5450 |a Mora Jiménez, Henry | |
| 245 | 1 | |a Capítulo VII: |b De las políticas ambientales a la política ecológica/ |c Henry Manuel Mora Jiménez | |
| 300 | |a páginas 109-121 | ||
| 773 | 0 | |0 42207 |9 2692 |a Universidad Nacional de Costa Rica |d San José, Costa Rica: UNA, 1996- |o 18299 |t Revista Economía y Sociedad / |x 14091070 | |
| 856 | |u http://www.revistas.una.ac.cr/index.php/economia/article/view/1551/1470 |y texto completo desde el sitio de la revista | ||
| 942 | |2 ddc |c PP | ||
